Mamíferos neotropicales, (Registro nro. 1620)

Detalles MARC
000 -CABECERA
Campo de control 00683cam a2200205 i 4500
005 - FECHA Y HORA DE LA ULTIMA TRANSACCION
Campo de control 20160123162551.0
008 - ELEMENTOS DE LONGITUD FIJA—INFORMACION GENERAL
Campo de control 751117s1967 vp ab 000 0 spa
040 ## - FUENTE DE CATALOGACIÓN
Agencia catalogadora original DLC
Agencia transcriptora FMU
Agencia Modificadora OCoLC
-- DLC
-- CO-BoIAVH
041 ## - IDIOMA
Código de idioma para texto/pista de sonido o título separado Español
042 ## - AUTHENTICATION CODE
Authentication code premarc
082 04 - NUMERO DE CLASIFICACION DECIMAL DEWEY
Número de clasificación 599
Número del ítem B73m
100 1# - ASIENTO PRINCIPAL--NOMBRE PERSONAL
Nombre personal Borrero H., José Ignacio
9 (RLIN) 54533
245 10 - MENCION DE TITULO
Título Mamíferos neotropicales,
Mención de responsabilidad por José ignacio Borrero H.
260 ## - PUBLICACION, DISTRIBUCION, ETC. (PIE DE IMPRENTA)
Lugar de publicación, distribución, etc. [Cali, Colombia,]
Nombre del editor, distribuidor, etc. [Sin editor]
Fecha de publicación, distribución, etc. 1967
300 ## - DESCRIPCION FISICA
Extensión 108 páginas :
Otros detalles físicos ilustraciones y mapas ;
Dimensiones 27 cm.
650 14 - ASIENTO SECUNDARIO DE MATERIA - TERMINO TEMATICO
Término temático o nombre geográfico como elemento de entrada Mamíferos
Subdivisión general Clasificación
9 (RLIN) 54534
650 24 - ASIENTO SECUNDARIO DE MATERIA - TERMINO TEMATICO
Término temático o nombre geográfico como elemento de entrada Mamíferos
Subdivisión general Identificación.
9 (RLIN) 54535
650 24 - ASIENTO SECUNDARIO DE MATERIA - TERMINO TEMATICO
Término temático o nombre geográfico como elemento de entrada Mamíferos
Subdivisión general Distribución geográfica.
9 (RLIN) 54536
942 ## - ELEMENTOS ADICIONALES (KOHA)
Sistema de clasificación Dewey Decimal Classification
Tipo de ítem Libro
Existencias
Withdrawn status Lost status Sistema de Clasificación Damaged status No para préstamo Colección Inventariado Ubicación Permanente Ubicación actual Fecha de adquisición Fuente de Valor Valor Total Checkouts Número topográfico Inventario / Código de Barras Date last seen Ejemplar Price effective from Forma de adquisición Tipo de material
    Dewey Decimal Classification     General Inventariado 2017 Bogotá Bogotá 03/05/2000 Amazon 50000.00   LB-599 B73m 002234 04/12/2012 Ej. 1 04/12/2012   Libro